The theory of differential equations : (Record no. 30285)
[ view plain ]
| 000 -LEADER | |
|---|---|
| fixed length control field | 01307 a2200253 4500 |
| 020 ## - INTERNATIONAL STANDARD BOOK NUMBER | |
| International Standard Book Number | 1441957820 |
| 020 ## - INTERNATIONAL STANDARD BOOK NUMBER | |
| International Standard Book Number | 9781441957825 |
| 082 ## - DEWEY DECIMAL CLASSIFICATION NUMBER | |
| Classification number | 515.35 |
| 090 ## - LOCALLY ASSIGNED LC-TYPE CALL NUMBER (OCLC); LOCAL CALL NUMBER (RLIN) | |
| -- | 1677 |
| -- | 1677 |
| 100 1# - MAIN ENTRY--PERSONAL NAME | |
| Personal name | Kelley, Walter G. |
| 245 14 - TITLE STATEMENT | |
| Title | The theory of differential equations : |
| Remainder of title | classical and qualitative / |
| Statement of responsibility, etc. | Walter G. Kelley, Allan C. Peterson. |
| 250 ## - EDITION STATEMENT | |
| Edition statement | 2nd ed. 2010. |
| 260 ## - PUBLICATION, DISTRIBUTION, ETC. | |
| Place of publication, distribution, etc. | [S.l.] : |
| Name of publisher, distributor, etc. | Springer, |
| Date of publication, distribution, etc. | 2010. |
| 300 ## - PHYSICAL DESCRIPTION | |
| Extent | 436 p. ; |
| Dimensions | 24 cm. |
| 490 1# - SERIES STATEMENT | |
| Series statement | Universitext. |
| 700 1# - ADDED ENTRY--PERSONAL NAME | |
| Personal name | Peterson, Allan C. |
| 830 #0 - SERIES ADDED ENTRY--UNIFORM TITLE | |
| Uniform title | Universitext. |
| 942 ## - ADDED ENTRY ELEMENTS (KOHA) | |
| Institution code [OBSOLETE] | SNS |
| Koha item type | Book |
| Call number prefix | 515.35 KEL |
| Withdrawn status | Lost status | Damaged status | Not for loan | Permanent Location | Current Location | Date acquired | Total Checkouts | Full call number | Barcode | Date last seen | Date last checked out | Price effective from | Koha item type |
|---|---|---|---|---|---|---|---|---|---|---|---|---|---|
| School of Natural Sciences (SNS) | School of Natural Sciences (SNS) | 05/26/2016 | 1 | 515.35 KEL | SNS0001866 | 10/20/2017 | 05/06/2017 | 05/26/2016 | Book | ||||
| School of Natural Sciences (SNS) | School of Natural Sciences (SNS) | 05/26/2016 | 3 | 515.35 KEL | SNS0001867 | 01/04/2019 | 10/10/2018 | 05/26/2016 | Book | ||||
| School of Natural Sciences (SNS) | School of Natural Sciences (SNS) | 05/26/2016 | 2 | 515.35 KEL | SNS0001868 | 05/27/2019 | 04/23/2019 | 05/26/2016 | Book | ||||
| School of Natural Sciences (SNS) | School of Natural Sciences (SNS) | 05/26/2016 | 7 | 515.35 KEL | SNS0001869 | 02/12/2021 | 01/16/2020 | 05/26/2016 | Book | ||||
| School of Natural Sciences (SNS) | School of Natural Sciences (SNS) | 05/26/2016 | 3 | 515.35 KEL | SNS0001870 | 02/11/2019 | 01/29/2019 | 05/26/2016 | Book |
